000 00328nam a2200121 a 4500
005 20141022142000.0
008 080911s19uu xx 00 eng d
050 _aVHS
_bAJN1 2003
245 _aAJN: Physical assessment of the abdomen.
650 _aVHS Nursing.
650 _aPhysical assessment of the abdomen.
942 _cAVM
999 _c276190
_d276190